| 000 | 01625nam0a2200361 4500 | ||
|---|---|---|---|
| 001 | RU\NLR\BIBL_A\022583421 | ||
| 005 | 20260420050651.0 | ||
| 010 |
_a978-5-6044390-9-8 _92000 |
||
| 021 |
_aRU _bКН-П-25-028098 _9КН-П-25-2787 |
||
| 035 | _a(NLR Aleph) 022583421 | ||
| 090 |
_a13677607 _c13677607 |
||
| 100 | _a20250710d2025 u y0rusy50 ca | ||
| 101 | 1 |
_arus _ceng |
|
| 102 | _aRU | ||
| 105 | _aa z 000yy | ||
| 181 | 0 |
_ai3 _baxxe |
|
| 182 | 0 | _an | |
| 200 | 1 |
_aПрийти в согласие с родителями _e7 шагов к примирению _fБертольд Ульзамер _gперевод с английского Екатерины Корнеевой |
|
| 203 |
_aТекст _bвизуальный _cнепосредственный |
||
| 210 |
_aМосква _cFirst Step (Соколова Анастасия Александровна) _d2025 |
||
| 215 |
_a158 с. _cил. _d18 |
||
| 300 | _aЗагл. и авт. ориг.: Make peace with your parents / Bertold Ulsamer | ||
| 300 | _aНа с. 118 авт.: Бертольд Ульзамер - д-р юриспруденции и психолог | ||
| 333 | _a18+ | ||
| 454 | 0 |
_12001#$aMake peace with your parents$fBertold Ulsamer _1700#1$aUlsamer$bB.$gBertold _tMake peace with your parents _aUlsamer, Bertold |
|
| 606 | 1 |
_aДети и родители _xПсихологическая служба _92100863 _3RU\NLR\AUTH\661270599 |
|
| 686 | 1 | _aС550.325 | |
| 686 | 1 | _aЮ984.92 | |
| 700 | 1 |
_aУльзамер _bБ. _gБертольд |
|
| 942 | _cBOOK | ||
| 980 | _aNB | ||